wszystkie miasta Prus Wschodnich w latach 20 XX wieku - Statystyki

Ogólne statystyki
  • Ten quiz został rozwiązany 57 razy
  • Średni wynik to 11 z 19
Statystyki odpowiedzi
procent
Polaków
procent
Mazurów
liczba
mieszkańców
niemiecka
nazwa
miasto % Poprawnych
0,2% 58 636 Elbing Elbląg
98%
6,8% 0,2% 33 077 Allenstein Olsztyn
94%
245 944 Königsberg Królewiec
92%
2,7% 4,0% 13 428 Lyck Ełk
86%
14 019 Marienburg Malbork
80%
3,8% 10 087 Deutsch Eylau Iława
78%
13 601 Braunsberg Braniewo
68%
0,5% 2,3% 6 945 Lötzen Giżycko
62%
21 470 Memel Kłajpeda
54%
1,3% 5,2% 6 492 Sensburg Mrągowo
52%
14 364 Ostróda
48%
39 013 Tilsit Tylża
48%
12 030 Kętrzyn
44%
2,7% 12 983 Marienwerder Kwidzyn
44%
7 079 Pillau Piława
44%
6,3% 6,1% 5 478 Ortelsburg Szczytno
44%
6 082 Heilsberg Lidzbark Warmiński
38%
14 540 Gumbinen Gąbin
32%
5 288 Wehlau Welawa
20%
Nie znaleziono quizów pasujących do podanych kryteriów
Rozkład punktacji
Procent ludzi z każdym wynikiem
Percentyl według liczby udzielonych odpowiedzi
Twoja historia wyników
Nie rozwiązałeś tego quizu